000 00401nam a2200169Ia 4500
008 230711s9999||||xx |||||||||||||| ||und||
020 _a978-81-265-3955-0
041 _aENG
082 _a621.406
_bPA-T
100 _aPai,B.U
245 0 _aTurbomachines
250 _a1st Ed.
260 _c2015
_aNew Delhi
_bWiley India Pvt.Ltd
300 _a376p.
650 _aMechanical Engineering
942 _cBK
999 _c6721
_d6721